Loading...

An introduction to library network/

Bibliografiske detaljer
Hovedforfatter: R L Sehgal
Format: Printed Book
Udgivet: New Delhi: Ess Ess, 1996.
Fag:
LEADER 00508nam a22001571a 4500
999 |c 20710  |d 20710 
020 |a 9788170001973 
082 |a 021.65  |b SEH/I 
100 |a R L Sehgal 
245 |a An introduction to library network/  |c by R L Sehgal. 
260 |a New Delhi:  |b Ess Ess,  |c 1996. 
300 |a 244p. 
650 |a Library Network 
650 |a Library Science 
942 |c BK 
952 |0 0  |1 0  |4 0  |6 021_650000000000000_SEH_I  |7 0  |9 29056  |a SSUS  |b SSUS  |d 2015-01-08  |g 400.00  |o 021.65 SEH/I  |p 044839  |r 2015-01-08  |v 0.00  |w 2015-01-08  |y BK